000 00417nam a22001577a 4500
003 CEME
005 20210628205117.0
008 210225b xxu||||| |||| 00| 0 eng d
040 _c,
082 _a260 SOF'T
245 _aSimulink dynamic system simulation for matlb
260 _aLONDON
_bTHE MATH WORKS INC
300 _a1 CD ROM 220P (MANUAL)
650 _aSOFTWARE NUST ACC NO-30441
_973950
942 _cBK
_2ddc
999 _c579553
_d579553